000 00696nam a2200265Ia 4500
003 OSt
005 20220928112527.0
006 a|||||r|||| 00| 0
007 ta
008 220927b |||||||| |||| 00| 0 eng d
020 _cINR 569.00
024 _a132672
037 _b189, 15/03/2017, N.R.Book Distributors
_cTextual
040 _aSDCL
_cSDCL
_beng
041 _2eng
_aeng
082 _aE9G, Q5
100 _aSegel Irwin H.
245 0 _aBiochemical calculations
250 _a2nd
260 _c2015
300 _aix-439p
_ccm.
650 _aGenetics
942 _hE9G, Q5
_cTEXL
_2CC
999 _c745141
_d745141